Análisis de la consolidación de concreto de relleno de mampostería de 12 cm de espesor utilizando las dosificaciones del Código Sísmico de Costa Rica 2010
Сохранить в:
| Главный автор: | |
|---|---|
| Формат: | |
| Язык: | Spanish |
| Опубликовано: |
[San José], Costa Rica
2016
|
| Предметы: | |
| Метки: |
Добавить метку
Нет меток, Требуется 1-ая метка записи!
|
MARC
| LEADER | 00000nam a22000007a 4500 | ||
|---|---|---|---|
| 003 | 012486 | ||
| 005 | 20221231144120.0 | ||
| 008 | 161101b2016 cr a|||| m||| 00| ||spa d | ||
| 040 | |c cru CEDI | ||
| 090 | |a TFG 7642 | ||
| 100 | |9 5487 |a Chaves Acuña, Daniel | ||
| 245 | |a Análisis de la consolidación de concreto de relleno de mampostería de 12 cm de espesor utilizando las dosificaciones del Código Sísmico de Costa Rica 2010 | ||
| 260 | |a [San José], Costa Rica |c 2016 | ||
| 300 | |a xv, 97,[5] hojas; ilustraciones a color | ||
| 500 | |a Proyecto de graduación (licenciatura en ingeniería civil)--Universidad de Costa Rica. Facultad de Ingeniería. Escuela de Ingeniería Civil | ||
| 650 | |x BLOQUES DE HORMIGON |x MAMPOSTERIA |x RESISTENCIA DE MATERIALES |x DISEÑO DE ESTRUCTURAS |x NORMAS |x CODIGO SISMICO |9 5488 | ||
| 942 | |c TFG | ||
| 999 | |c 17112 |d 17112 | ||
